LEADER 01215nam a2200277 u 4500 001 000000114249 003 CaOOAMICUS 005 20090116120143.0 008 090116s2008 it u000 u ita u 020 $z978-88-598-0322-5* 040 $aPUL$bita$dLDB 100 1 $aBianchi, Giorgio.$0(OLS)http://pul/name/67261 245 13$aIl bilancio delle società :$bprincipi di redazione e guida alla lettura /$cGiorgio Bianchi. 260 $aPadova :$bCEDAM,$c2008. 300 $axiii, 721 p. ;$c24 cm. 490 1 $aManuali professionali 504 $aBibliografia : p. [709]-716. 650 4$aImprese$xContabilità.$0(OLS)http://pul/subject/34456 650 4$aBilancio.$0(OLS)http://pul/subject/24358 830 0$aManuali professionali.$0(OLS)http://pul/title/143586 850 $aPUL 852 $aPUL$W1$xSL Diritto e Scienze Sociali 3$y79$m346. 45 BIAGI 3$j130552$qDDC 21$B129631$CPULBib$Z2$F129631 $H109086 $82 941 1 $a9 996 $6020$z978-88-598-0322-5*$9(OLS)http://pul/number/139433 996 $6245$aIl bilancio delle società :$bprincipi di redazione e guida alla lettura$9(OLS)http://pul/title/143585 996 $6260$aPadova :$bCEDAM$9(OLS)http://pul/publisher/48126 LEADER 01090nam a2200217 u 4500 001 000000106688 003 CaOOAMICUS 005 20071012102934.0 008 070904s1958 gw u000 u ger u 040 $aPUL$bita$dPG 100 1 $aGründer, Karlfried.$0(OLS)http://pul/name/13944 245 10$aFigur und Geschichte :$bJohann George Hamanns "Biblische Betrachtungen" als Ansatz einer Geschichtsphilosophie /$cKarlfried Gründer. 260 $aFreiburg ; München :$bK. Alber,$c1958. 300 $a191 p. ;$c22 cm. 490 1 $aSymposion : Philosophische Schriftenreihe ;$v3 504 $aBibliografia in nota. 830 0$aSymposion : Philosophische Schriftenreihe ;$v3.$0(OLS)http://pul/title/11680 850 $aPUL 852 $aPUL$W1$xSL Filosofia 1$y2$m96 F 37$j120666$qStampati$B119878$CPULBib$Z2$F119878 $H219 $82 996 $6245$aFigur und Geschichte :$bJohann George Hamanns "Biblische Betrachtungen" als Ansatz einer Geschichtsphilosophie$9(OLS)http://pul/title/134320 996 $6260$aFreiburg ; München :$bK. Alber$9(OLS)http://pul/publisher/56361